Investigación en sistemas de gestión : avances y retos de la gestión integral /

Bibliographic Details
Other Authors: Rodríguez Rojas, Yuber Liliana (Editor), Rodríguez González, Liliana Yamile (Editor), Peña Guarín, Guillermo (Editor)
Format: Electronic eBook
Language:Spanish
Published: Bogotá, D.C., Colombia : Ediciones USTA, Universidad Santo Tomás, 2020.
Edition:Primera edición.
Subjects:
Online Access:Digitalia Hispánica

MARC

LEADER 00000nam a2200000Ii 4500
001 DIGEDUSTA143
003 NyNyDIG
008 210906s2020 ck a ob 000 0 spa d
006 m o d
007 cr |||||||||||
035 |a (OCoLC)1192490558 
040 |a DGITA  |b eng  |e rda  |e pn  |c DGITA 
020 |a 9789587822885  |q eBook  |q ePub 
020 |z 9789587822878 
050 1 4 |a HD37.S7 ebook 
082 0 4 |a 658 
245 0 0 |a Investigación en sistemas de gestión :  |b avances y retos de la gestión integral /  |c Yuber Liliana Rodríguez-Rojas, Liliana Yamile Rodríguez-González, Guillermo Peña Guarín, editores académicos. 
250 |a Primera edición. 
264 1 |a Bogotá, D.C., Colombia :  |b Ediciones USTA, Universidad Santo Tomás,  |c 2020. 
300 |a 1 online resource :  |b illustrations. 
336 |a text  |b txt  |2 rdacontent 
336 |a still image  |2 rdacontent 
337 |a computer  |b c  |2 rdamedia 
338 |a online resource  |b cr  |2 rdacarrier 
347 |a text file  |2 rdaft 
347 |b EPUB 
504 |a Includes bibliographical references. 
588 0 |a Online resource; title from ePub title page (Digitalia, viewed September 6, 2021) 
650 0 |a Management. 
650 0 |a Quality control  |x Management. 
650 0 |a Industrial management. 
650 0 |a Industrial safety. 
655 0 |a Electronic books. 
700 1 |a Rodríguez Rojas, Yuber Liliana,  |e editor. 
700 1 |a Rodríguez González, Liliana Yamile,  |e editor. 
700 1 |a Peña Guarín, Guillermo,  |e editor. 
791 2 |a Digitalia (Firm),  |e distributor. 
793 0 |g Digitalia eBook Collection:  |a Ediciones USTA 
776 0 8 |i Print version:  |t Investigación en sistemas de gestión.  |b Primera edición.  |d Bogotá, D.C., Colombia : Ediciones USTA, Universidad Santo Tomás, 2020  |z 9789587822878 
856 4 0 |3 Digitalia Hispánica  |u https://www.digitaliapublishing.com/a/80590/ 
910 |a Premium collection: 2021